Diccionario de economía

Guardat en:
Dades bibliogràfiques
Autor principal: Tamames, Ramón (Autor)
Format: Llibre
Idioma:espanyol
Publicat: Madrid Alianza 1988
Matèries:
Etiquetes: Afegir etiqueta
Sense etiquetes, Sigues el primer a etiquetar aquest registre!

MARC

LEADER 00000nam a2200000 a 4500
001 UCX4640
003 CL-VaPUC
008 920630e19880000SP |||||||||||||||||spa|d
082 0 4 |a 330.03  |b TAM  |2 21 
100 0 |a Tamames, Ramón  |e author  |9 320866 
245 1 0 |a Diccionario de economía 
300 |a 507 p 
942 |c BK 
945 |d 19920630 00:00:00 
260 |a Madrid  |b Alianza  |c 1988 
650 0 |a Economía   |9 255568 
650 0 |a Diccionarios  |9 256200 
583 |a last modification  |c 19920630 00:00:00  |k Rodrigo Vera 
999 |c 225056  |d 225054 
952 |0 0  |1 0  |4 0  |6 330_030000000000000_TAM_1988  |7 0  |8 X  |9 222225  |a BIBING  |b BIBING  |d 2019-11-15  |i 2910748  |o 330.03 TAM 1988  |p 2910748  |r 2025-01-20  |w 2019-11-15  |y BK_X  |k GEO